Arxiu Històric de la Diputació de Barcelona
Descripción Física:
20 x 6 cm
MARC
| LEADER | 00000nam a2200000Ia 4500 | ||
|---|---|---|---|
| 001 | 24212 | ||
| 008 | 160829s2011 xx 000 0 cat d | ||
| 080 | |a NBM-9-6 | ||
| 245 | |a Arxiu Històric de la Diputació de Barcelona | ||
| 260 | |a [Barcelona] : |b Diputació de Barcelona, |c 2011 | ||
| 300 | |a 20 x 6 cm | ||
| 610 | 1 | 0 | |a Arxiu General de la Diputació de Barcelona |9 52704 |
| 710 | 1 | |a Arxiu General de la Diputació de Barcelona |9 52704 | |
| 901 | |a Arxiu | ||
| 942 | |n 1 | ||
| 952 | |0 0 |1 0 |4 0 |6 NBM96 |7 1 |9 55320 |a Arxiu |b Arxiu |d 2016-12-01 |l 0 |o NBM-9-6 |p 24212 |r 2016-12-01 00:00:00 |w 2016-12-01 |y ARXIU | ||
| 999 | |c 59193 |d 59193 | ||